000
00316nam a2200121 a 4500
008
981019s1998||||xx 0 und c
040
_a
SNK
_b
slo
_c
SNK
_e
AACR2
100
1
_a
Šašinka, M.- Šagát, T. a spolupracovníci
245
1
0
_a
Pediatria 2.
260
_c
1998
_b
Status
_a
Košice
300
_a
387s.
020
_c
Dar
999
_c
19920
_d
19920